Marketing . (Record no. 349331)

000 -LEADER
fixed length control field 00449 a2200169 4500
020 ## - INTERNATIONAL STANDARD BOOK NUMBER
International Standard Book Number 9780201889109
024 ## - OTHER STANDARD IDENTIFIER
Standard number or code 0201889102
082 ## - DEWEY DECIMAL CLASSIFICATION NUMBER
Classification number 658.800959
090 ## - LOCALLY ASSIGNED LC-TYPE CALL NUMBER (OCLC); LOCAL CALL NUMBER (RLIN)
-- 6997
-- 6997
100 ## - MAIN ENTRY--PERSONAL NAME
Personal name Ian McGovern
245 ## - TITLE STATEMENT
Title Marketing .
Remainder of title A Southeast Asian Perspective.
Statement of responsibility, etc. Ian McGovern
250 ## - EDITION STATEMENT
Edition statement 1st.
260 ## - PUBLICATION, DISTRIBUTION, ETC.
Place of publication, distribution, etc. New York
Name of publisher, distributor, etc. Addison Wesley Publishing Company.
Date of publication, distribution, etc. 1996
300 ## - PHYSICAL DESCRIPTION
Extent 325p.
500 ## - GENERAL NOTE
General note Hard cover
942 ## - ADDED ENTRY ELEMENTS (KOHA)
Institution code [OBSOLETE] NBS
Koha item type Book
Call number prefix 658.8'00959 MAR
Holdings
Withdrawn status Lost status Damaged status Not for loan Permanent Location Current Location Date acquired Total Checkouts Full call number Barcode Date last seen Price effective from Koha item type
        Central Library (CL) Central Library (CL) 08/28/2013   658.8'00959 MAR NBS3131 07/07/2014 08/28/2013 Book
© 2023 Central Library, National University of Sciences and Technology. All Rights Reserved.